|
|
|
|
| LEADER |
01096nam a2200277 a 4500 |
| 001 |
4923481 |
| 008 |
100112s1995 nyua b 000 0 eng d |
| 010 |
|
|
|a 95003862
|
| 020 |
|
|
|a 087834084X (alk. paper)
|
| 040 |
|
|
|a DLC
|c DLC
|d DLC
|
| 082 |
0 |
0 |
|a 306.85
|2 20
|
| 100 |
1 |
|
|a Bruce, Judith.
|
| 245 |
1 |
0 |
|a Families in focus :
|b new perspectives on mothers, fathers, and children /
|c Judith Bruce, Cynthia B. Lloyd, and Ann Leonard, with Patrice L. Engle and Niev Duffy.
|
| 260 |
|
|
|a New York :
|b Population Council,
|c c1995.
|
| 300 |
|
|
|a ix, 115 p. :
|b ill. ;
|c 28 cm.
|
| 504 |
|
|
|a Includes bibliographical references (p. 114-115).
|
| 541 |
1 |
|
|e 00005579
|
| 650 |
|
0 |
|a Families.
|
| 650 |
|
0 |
|a Families
|x Economic aspects.
|
| 650 |
|
0 |
|a Family demography.
|
| 650 |
|
0 |
|a Family policy.
|
| 700 |
1 |
|
|a Lloyd, Cynthia B.,
|d 1943-
|
| 700 |
1 |
|
|a Leonard, Ann,
|d 1945-
|
| 852 |
4 |
|
|a Ayesha Abed Library
|j General shelf
|
| 999 |
|
|
|c 6907
|d 6907
|
| 952 |
|
|
|0 0
|1 0
|2 ddc
|4 0
|6 306_850000000000000_BRU_1995
|7 0
|9 7123
|a BRACUL
|b BRACUL
|c GEN
|d 2010-01-12
|g 0.00
|l 1
|o 306.85 BRU
|p 3010005579
|r 2017-12-05
|s 2017-11-28
|t 1
|w 2010-01-12
|y BK
|